Historyczne państwa i ich flagi - Statystyki

Ogólne statystyki
  • Ten quiz został rozwiązany 287 razy
  • Średni wynik to 11 z 36
Statystyki odpowiedzi
Obrazkowy Hint Odpowiedź % Poprawnych
1526–1804 Monarchia Habsburgów
89%
1918–1992 Jugosławia
88%
1547–1721 Carstwo Rosyjskie
77%
1871–1918 Cesarstwo Niemieckie
77%
1822–1889 Cesarstwo Brazylii
73%
1958–1971 Zjednoczona Republika Arabska
68%
1492–1976 Imperium Hiszpańskie
60%
1819–1831 Wielka Kolumbia
55%
1848–1852 Persja
52%
330–1453 Cesarstwo Bizantyńskie
51%
1912–1951 Tybet
48%
1918–1921 Demokratyczna Republika Gruzji
42%
1359–1859 Państwo Mołdawskie
35%
2003–2006 Serbia i Czarnogóra
31%
697–1797 Republika Wenecka
28%
1263–1547 Wielkie Księstwo Moskiewskie
27%
1225–1502 Złota Orda
22%
1932–1945 Mandżukuo
19%
1138–1275 Księstwo Mazowieckie
18%
1921–1944 Tuwińska Republika Ludowa
18%
1896–1898 Republika Środkowoamerykańska
15%
1814–1866 Królestwo Hanoweru
14%
1814–1905 Unia Szwedzko-Norweska
14%
1032–1477 Księstwo Burgundii
11%
1035–1230 Królestwo Kastylii
7%
1907–1949 Nowa Fundlandia
7%
1777–1791 Vermont
7%
1570–1711 Księstwo Siedmiogrodu
6%
1856–1964 Sułtanat Zanzibaru
4%
1881–1902 Transwal
4%
519–927 Wessex
4%
1600–1892 Królestwo Dahomeju
3%
1815–1847 Księstwo Lukki
3%
1207–1579 Księstwo Naksos
3%
1815–1919 Moresnet
3%
1908–1930 Emirat Asiru
1%
Nie znaleziono quizów pasujących do podanych kryteriów
Rozkład punktacji
Procent ludzi z każdym wynikiem
Percentyl według liczby udzielonych odpowiedzi
Twoja historia wyników
Nie rozwiązałeś tego quizu